ბათუმის შოთა რუსთაველის სახელმწიფო უნივერსიტეტის ბიბლიოთეკა

მცხეთა : I : (ბიბ.ჩანაწერი № 61550)

000 -LEADER
fixed length control field 01193nam a22001817a 4500
005 - DATE AND TIME OF LATEST TRANSACTION
control field 20240322155409.0
008 - FIXED-LENGTH DATA ELEMENTS--GENERAL INFORMATION
fixed length control field 240322c1999 ge ||||| |||| 00| 0 geo d
022 ## - INTERNATIONAL STANDARD SERIAL NUMBER
International Standard Serial Number 1512-0317
041 ## - LANGUAGE CODE
Language code of text/sound track or separate title geo
245 ## - TITLE STATEMENT
Title მცხეთა : I :
Remainder of title ნარეკვავი /
Statement of responsibility, etc. რედაქტორი: ანდრია აფაქიძე; საქართველოს მეცნიერებათა აკადემია; მცხეთის არქეოლოგიის ინსტიტუტი; საქართველოს მილსადენის კომპანია.
260 ## - PUBLICATION, DISTRIBUTION, ETC.
Place of publication, distribution, etc. თბილისი,
Date of publication, distribution, etc. 1999.
300 ## - PHYSICAL DESCRIPTION
Extent V.
653 ## - INDEX TERM--UNCONTROLLED
Uncontrolled term არქეოლოგიური ძეგლები
653 ## - INDEX TERM--UNCONTROLLED
Uncontrolled term მცხეთა
700 ## - ADDED ENTRY--PERSONAL NAME
Personal name აფაქიძე, ანდრია
Relator term რედაქტორი
9 (RLIN) 5454
710 ## - ADDED ENTRY--CORPORATE NAME
Corporate name or jurisdiction name as entry element საქართველოს მეცნიერებათა აკადემია;
Date of meeting or treaty signing მცხეთის არქეოლოგიის ინსტიტუტი; საქართველოს მილსადენის კომპანია.
9 (RLIN) 21555
942 ## - ADDED ENTRY ELEMENTS (KOHA)
Source of classification or shelving scheme
Koha item type პერიოდიკა
ეგზემპლარები
Withdrawn status Lost status Source of classification or shelving scheme Damaged status Not for loan Permanent Location Current Location Date acquired Serial Enumeration / chronology Barcode Date last seen Copy number Uniform Resource Identifier Price effective from Koha item type
          ბათუმის შოთა რუსთაველის სახელმწიფო უნივერსიტეტის მთავარი ბიბლიოთეკა ბათუმის შოთა რუსთაველის სახელმწიფო უნივერსიტეტის მთავარი ბიბლიოთეკა 2024-03-22 # 1 (1999) 81156 2024-03-22 81156 ბსუ-ს საპატიო დოქტორის გურამ ლორთქიფანიძის საჩუქარი 2024-03-22 პერიოდიკა
          ბათუმის შოთა რუსთაველის სახელმწიფო უნივერსიტეტის მთავარი ბიბლიოთეკა ბათუმის შოთა რუსთაველის სახელმწიფო უნივერსიტეტის მთავარი ბიბლიოთეკა 2024-03-22 # 1 (1999) 81157 2024-03-22 81157 ბსუ-ს საპატიო დოქტორის გურამ ლორთქიფანიძის საჩუქარი 2024-03-22 პერიოდიკა
          ბათუმის შოთა რუსთაველის სახელმწიფო უნივერსიტეტის მთავარი ბიბლიოთეკა ბათუმის შოთა რუსთაველის სახელმწიფო უნივერსიტეტის მთავარი ბიბლიოთეკა 2024-03-22 # 1 (1999) 81158 2024-03-22 81158 ბსუ-ს საპატიო დოქტორის გურამ ლორთქიფანიძის საჩუქარი 2024-03-22 პერიოდიკა